000 00659nam a2200193 i 4500
001 54030
003 ES-MaACL
005 20230906162858.0
007 t|
008 960712s1877 sp ||||1| spa d
040 _aCAM
_bspa
_cCAM
100 1 _aFerreiroa, Urbano.
_950401
245 1 3 _aLa cuestión de Oriente /
_cpor Urbano Ferreiroa.
260 _aMadrid :
_b[s.n.],
_c1877 (
_fimprenta de F. Maroto é hijos)
300 _a158, [1] p. ;
_c20 cm.
650 4 _aCuestión de Oriente (Balcanes)
_9141179
852 _aES-MaACL
_jD-1739
_z.- Legado de M. de la Fuente
852 _aES-MaACL
_jT-417-F-3
_z.- Enc. en un vol. facticio falto de la cub. original
999 _c54030
_d54030